Language Quiz

Random Language Quiz
Score 0/23 Timer 04:00
0 Plays Today
% Correct
checkers
88.9%
check, please
88.9%
checkbook
86.1%
checklist
86.1%
Checkpoint
86.1%
checkmate
83.3%
check out
83.3%
check-up
83.3%
check it out
80.6%
check mark
80.6%
check in
80.6%
blank check
80.6%
% Correct
keep in check
77.8%
checking account
77.8%
paycheck
77.8%
checkerboard
77.8%
checks and balances
75%
body check
72.2%
checkered past
72.2%
raincheck
69.4%
checkover
61.1%
rubber check
55.6%
checkrein
50%

You're not logged in!

Compare scores with friends on all Sporcle quizzes.
OR
Log In

Sporcle TV

Today on Sporcle TV


Watch our educational content, quiz creation guides, and fun videos on Sporcle TV.

Show Comments

Extras

Created Oct 1, 2013ReportNominate
Tags:check, Words Containing

Top Quizzes Today


Score Distribution

Paid Content

Your Account Isn't Verified!

In order to create a playlist on Sporcle, you need to verify the email address you used during registration. Go to your Sporcle Settings to finish the process.

Report this User

Report this user for behavior that violates our Community Guidelines.

Details: